00763nam a22002057a 450000500170000001000150001702000260003203500130005803700130007108200150008410000140009924500890011325000110020226000430021327001020025630000250035894200290038399900170041295201280042920131008104622.0 aENG-107946 c450.00a9789350352885 aEN-91479 bDBAD/PUB a346.540163 aDas, P.K.00aLaw relating to cruelty to husband :cby P.K. Dasbdivorce and maintenance to wife / a3rd ed aDelhibUniversal Law Publishing c2013 aC-FF-1A, Dilkhus Industrial Estate, (Near Azadpur Metro Station) G.T. Karnal Road,bDelhie110033 aliv,398p.c26cm(pbk) 2ddccENmDASh346.540163 c77393d77393 001040718NFICaDBADbDBADd2013-07-11eDBAD/PUBg450.00l0o346.540163 DASpEN-91479r2013-07-11 00:00:00t1v450.00yEN